[Event "GRE-chT 42nd"]
[Site "Porto Rio"]
[Date "2014.07.03"]
[Round "7.3"]
[White "Spirou, Panagiotis"]
[Black "Balokas, Dimitrios"]
[Result "1-0"]
[WhiteElo "2196"]
[BlackElo "2037"]
[PlyCount "65"]
[EventDate "2014.06.28"]
[EventType "team-swiss"]
[EventRounds "7"]
[EventCountry "GRE"]
[SourceTitle "CBM 161 Extra"]
[Source "ChessBase"]
[SourceDate "2014.08.29"]
[SourceVersion "1"]
[SourceVersionDate "2014.08.29"]
[SourceQuality "1"]
[WhiteTeam "Korydallos"]
[BlackTeam "Kalamata Poseidon"]
[WhiteTeamCountry "GRE"]
[BlackTeamCountry "GRE"]

1. a3 g6 2. c4 Bg7 3. Nc3 e5 4. g3 Ne7 5. Bg2 0-0 6. d3 Nbc6 7. e3 d6 8. b4 f5 9. Nge2 Be6 10. 0-0 Qd7 11. Qc2 Rad8 12. Bb2 g5 13. f4 h6 14. Nd5 Nb8 15. e4 gxf4 16. gxf4 c6 17. Ne3 d5 18. exf5 Nxf5 19. Nxf5 Rxf5 20. fxe5 Rxf1+ 21. Rxf1 dxc4 22. dxc4 Qd2 23. Qg6 Bxc4 24. e6 Qg5 25. Qf7+ Kh8 26. Bxg7+ Qxg7 27. Qxg7+ Kxg7 28. Rf7+ Kg8 29. Nf4 Rf8 30. Rxb7 Ba6 31. Rxa7 Rxf4 32. Ra8 Kg7 33. Rxb8 1-0

[Event "Paleochora op 4th"]
[Site "Paleochora"]
[Date "2011.07.21"]
[Round "3"]
[White "Spirou, Panagiotis"]
[Black "Maiorov, Nikita"]
[Result "1/2-1/2"]
[WhiteElo "2173"]
[BlackElo "2535"]
[PlyCount "118"]
[EventDate "2011.07.20"]
[EventType "swiss"]
[EventRounds "9"]
[EventCountry "GRE"]
[SourceTitle "CBM 143 Extra"]
[Source "ChessBase"]
[SourceDate "2011.08.29"]
[SourceVersion "1"]
[SourceVersionDate "2011.08.29"]
[SourceQuality "1"]

1. a3 d5 2. Nf3 Nf6 3. e3 c5 4. Nc3 Nc6 5. Bb5 Qc7 6. d3 g6 7. 0-0 Bg7 8. e4 dxe4 9. dxe4 0-0 10. Bxc6 Qxc6 11. Nd5 Nxd5 12. exd5 Qd6 13. Re1 h6 14. c4 Bf5 15. Qb3 b6 16. Bd2 e6 17. dxe6 Bxe6 18. Rad1 Qc7 19. Bc3 Qf4 20. Bxg7 Kxg7 21. Qc3+ Qf6 22. Qxf6+ Kxf6 23. Nd2 Kg7 24. b3 Rfd8 25. Ne4 Rd4 26. Rxd4 cxd4 27. Rd1 Rd8 28. Kf1 a5 29. a4 Bf5 30. f3 Bc8 31. Kf2 f5 32. Nd2 f4 33. g3 Bf5 34. gxf4 Re8 35. Re1 Rxe1 36. Kxe1 Bc2 37. Ne4 Bxb3 38. c5 bxc5 39. Nxc5 Bd5 40. Kd2 Kf6 41. Kd3 Kf5 42. Kxd4 Bxf3 43. Ke3 Kg4 44. Nd3 Bd5 45. Ne5+ Kf5 46. Nd3 Bc6 47. Ne5 Bxa4 48. Nc4 Kg4 49. Nxa5 Kh3 50. Nc4 Bc2 51. Ne5 h5 52. Nf3 Bd1 53. Ne5 Kxh2 54. Nxg6 Bc2 55. Ne7 Kg1 56. Kf3 Kh2 57. Ke3 Kg1 58. Kf3 Kh2 59. Ke3 Kg1 1/2-1/2

[Event "Petroupoli ASOP Dias op 4th"]
[Site "Petroupoli"]
[Date "2011.06.04"]
[Round "1"]
[White "Spirou, Panagiotis"]
[Black "Schinianakis, Dimitris"]
[Result "1-0"]
[WhiteElo "2166"]
[BlackElo "1487"]
[PlyCount "49"]
[EventDate "2011.06.04"]
[EventType "swiss"]
[EventRounds "7"]
[EventCountry "GRE"]
[SourceTitle "EXT 2024"]
[Source "ChessBase"]
[SourceDate "2023.10.10"]
[SourceVersion "1"]
[SourceVersionDate "2023.10.10"]
[SourceQuality "1"]

1. a3 Nf6 2. c4 e5 3. e3 d5 4. cxd5 Nxd5 5. Qc2 Nc6 6. Nf3 Bd6 7. Nc3 Nxc3 8. Qxc3 Bg4 9. Bb5 Bxf3 10. gxf3 Qd7 11. b4 a6 12. Bc4 0-0-0 13. b5 axb5 14. Bxb5 f5 15. Bb2 g5 16. Rc1 Rde8 17. Qc4 Qe6 18. Bxc6 Qxc4 19. Bxb7+ Kxb7 20. Rxc4 Ra8 21. h4 h6 22. Ke2 Kb6 23. Rb1 Ra5 24. Bd4+ Ka6 25. Rc6# 1-0

[Event "GRE-ch U20"]
[Site "Peristeri"]
[Date "2010.01.06"]
[Round "6"]
[White "Panagiotakos, Nikolaos"]
[Black "Spirou, Panagiotis"]
[Result "1/2-1/2"]
[WhiteElo "2188"]
[BlackElo "2147"]
[PlyCount "30"]
[EventDate "2010.01.03"]
[EventType "swiss"]
[EventRounds "9"]
[EventCountry "GRE"]
[SourceTitle "CBM 134 Extra"]
[Source "ChessBase"]
[SourceDate "2010.03.03"]
[SourceVersion "1"]
[SourceVersionDate "2010.03.03"]
[SourceQuality "1"]

1. e4 c5 2. c3 d5 3. exd5 Qxd5 4. d4 Nc6 5. Nf3 Bg4 6. Be2 cxd4 7. cxd4 e6 8. 0-0 Nf6 9. Nc3 Qa5 10. Qb3 Qb4 11. Rd1 Rd8 12. Bg5 Bxf3 13. Qxb4 Bxb4 14. Bxf3 Nxd4 15. Bxb7 Bxc3 1/2-1/2

[Event "GRE-ch U20"]
[Site "Peristeri"]
[Date "2010.01.05"]
[Round "4"]
[White "Kourkoulos Arditis, Stamatis"]
[Black "Spirou, Panagiotis"]
[Result "1/2-1/2"]
[WhiteElo "1903"]
[BlackElo "2147"]
[PlyCount "105"]
[EventDate "2010.01.03"]
[EventType "swiss"]
[EventRounds "9"]
[EventCountry "GRE"]
[SourceTitle "CBM 134 Extra"]
[Source "ChessBase"]
[SourceDate "2010.03.03"]
[SourceVersion "1"]
[SourceVersionDate "2010.03.03"]
[SourceQuality "1"]

1. e4 c5 2. Nf3 Nc6 3. d4 cxd4 4. Nxd4 Nf6 5. Nc3 d6 6. Be3 Ng4 7. Bb5 Nxe3 8. Nxc6 Nxd1 9. Nxd8+ Kxd8 10. Rxd1 e6 11. 0-0 a6 12. Be2 Kc7 13. Bf3 Bd7 14. Rfe1 Be7 15. e5 Bc6 16. Bxc6 Kxc6 17. exd6 Bxd6 18. Ne4 Be7 19. Rd3 Rhd8 20. Rg3 g6 21. Rf3 f5 22. Nc3 Rd6 23. Rfe3 Kd7 24. R3e2 Bf6 25. Nd1 Rc8 26. c3 b5 27. Ne3 Ke7 28. h3 h5 29. g3 Kf7 30. Ng2 Rcd8 31. Kf1 e5 32. f3 Rd3 33. Kf2 Rh8 34. Re3 Rd5 35. R3e2 Re8 36. Ne3 Rd3 37. Ng2 Rd5 38. Ne3 Rd3 39. Ng2 Re7 40. Re3 Rd5 41. R3e2 Red7 42. Ne3 Rd3 43. Ng2 Bg7 44. Re3 R3d5 45. R3e2 Kf6 46. Ne3 Rc5 47. g4 Bh6 48. gxh5 gxh5 49. Rg1 Rd8 50. Ree1 e4 51. Rd1 Rf8 52. Ke2 Ke5 53. Rgf1 1/2-1/2

[Event "Aegean op 32nd"]
[Site "Aghios Kirykos"]
[Date "2009.07.19"]
[Round "9"]
[White "Grabinsky, Vladimir"]
[Black "Spirou, Panagiotis"]
[Result "1-0"]
[WhiteElo "2312"]
[BlackElo "2131"]
[PlyCount "85"]
[EventDate "2009.07.11"]
[EventType "swiss"]
[EventRounds "9"]
[EventCountry "GRE"]
[SourceTitle "CBM 131 Extra"]
[Source "ChessBase"]
[SourceDate "2009.09.03"]
[SourceVersion "2"]
[SourceVersionDate "2009.09.16"]
[SourceQuality "1"]

1. e4 c5 2. b4 b6 3. bxc5 bxc5 4. Bc4 e6 5. Nc3 Nc6 6. Nf3 g6 7. e5 Bg7 8. Qe2 f6 9. exf6 Nxf6 10. 0-0 0-0 11. Rb1 Nd4 12. Nxd4 cxd4 13. Nb5 d5 14. Bd3 Ne8 15. c3 e5 16. cxd4 e4 17. Bc2 Qh4 18. Bb3 Rf5 19. g3 Qe7 20. d3 Kh8 21. Ba3 Qe6 22. dxe4 Rh5 23. e5 Ba6 24. Bc2 Qh3 25. f4 Nc7 26. Bd3 Ne6 27. Bc5 Rc8 28. Rbc1 Rxc5 29. Rxc5 Nxd4 30. Qg2 Qxg2+ 31. Kxg2 Bf8 32. Nxd4 Bxc5 33. Bxa6 Bxd4 34. Rd1 Bb6 35. Rxd5 Rf5 36. Rd7 Rf8 37. Kf3 Rd8 38. Rxd8+ Bxd8 39. g4 Kg7 40. f5 gxf5 41. gxf5 Ba5 42. Ke4 Kf7 43. Bc4+ 1-0

[Event "Egaleo Neanika Attikis U18"]
[Site "Egaleo"]
[Date "2007.12.08"]
[Round "4"]
[White "Spirou, Panagiotis"]
[Black "Dounis, Alexandros"]
[Result "1-0"]
[WhiteElo "2089"]
[BlackElo "2190"]
[PlyCount "81"]
[EventDate "2007.12.04"]
[EventType "swiss"]
[EventRounds "5"]
[EventCountry "GRE"]
[SourceTitle "EXT 2024"]
[Source "ChessBase"]
[SourceDate "2023.10.10"]
[SourceVersion "1"]
[SourceVersionDate "2023.10.10"]
[SourceQuality "1"]

1. e4 d5 2. exd5 Qxd5 3. Nc3 Qd6 4. d4 Nf6 5. Nf3 a6 6. g3 Bg4 7. h3 Bh5 8. Bg2 Nc6 9. Be3 0-0-0 10. Qe2 Qb4 11. 0-0-0 e6 12. g4 Bg6 13. a3 Qa5 14. Qc4 Ne4 15. Nxe4 Bxe4 16. Nh4 Bd5 17. Bxd5 Rxd5 18. Ng2 Be7 19. Nf4 Rb5 20. d5 Bf6 21. c3 Ne5 22. Qa2 Ng6 23. Nxg6 hxg6 24. b4 Qa4 25. dxe6 Bxc3 26. exf7 Rxb4 27. Qe6+ Kb8 28. axb4 b6 29. Qd5 Qxb4 30. Qa2 Bf6 31. Rd2 a5 32. Rhd1 g5 33. Bd4 Bxd4 34. Rxd4 Qc3+ 35. Kb1 Kb7 36. Qc2 Qa3 37. R1d3 Qe7 38. Rd7 Qb4+ 39. Ka2 Qf4 40. Rc3 Ka6 41. Rcxc7 1-0

[Event "Peiraikos 60th Anniv op"]
[Site "Piraeus"]
[Date "2006.09.02"]
[Round "1"]
[White "Spirou, Panagiotis"]
[Black "Kaforou, Mirto Iro"]
[Result "1-0"]
[WhiteElo "2078"]
[BlackElo "1010"]
[PlyCount "65"]
[EventDate "2006.09.02"]
[EventType "swiss"]
[EventRounds "7"]
[EventCountry "GRE"]
[SourceTitle "EXT 2008"]
[Source "ChessBase"]
[SourceDate "2007.11.25"]
[SourceVersion "1"]
[SourceVersionDate "2007.11.25"]
[SourceQuality "1"]

1. e4 e5 2. Nf3 Nc6 3. Bb5 d6 4. 0-0 a6 5. Bxc6+ bxc6 6. d4 Bg4 7. dxe5 dxe5 8. Qxd8+ Rxd8 9. Nxe5 Bd7 10. Nc3 f6 11. Nc4 Bb4 12. Bf4 Rc8 13. e5 Bf5 14. Rfe1 Ne7 15. a3 Bxc3 16. bxc3 0-0 17. exf6 Nd5 18. fxg7 Kxg7 19. Be5+ Kg8 20. Ne3 Nxe3 21. Rxe3 Bxc2 22. Rae1 Rfd8 23. h4 Kf7 24. Rf3+ Kg8 25. Rg3+ Kf8 26. Ree3 Rd7 27. Bd4 Rf7 28. Bc5+ Re7 29. Rxe7 Re8 30. Rxh7+ Re7 31. Rxe7 a5 32. Rxc7+ Ke8 33. Rg8# 1-0

[Event "Nikaia op 14th"]
[Site "Nikaia"]
[Date "2006.08.??"]
[Round "6"]
[White "Dimopoulos, Georgios"]
[Black "Spirou, Panagiotis"]
[Result "0-1"]
[WhiteElo "1998"]
[BlackElo "2078"]
[PlyCount "160"]
[EventDate "2006.08.??"]
[EventType "swiss"]
[EventRounds "9"]
[EventCountry "GRE"]
[SourceTitle "EXT 2008"]
[Source "ChessBase"]
[SourceDate "2007.11.25"]
[SourceVersion "1"]
[SourceVersionDate "2007.11.25"]
[SourceQuality "1"]

1. d4 Nf6 2. Bg5 c5 3. Bxf6 gxf6 4. d5 Qb6 5. Qc1 Bg7 6. c4 d6 7. e3 Na6 8. Nc3 Bd7 9. g3 h5 10. h4 0-0-0 11. a3 f5 12. Bg2 e5 13. Nge2 Bh6 14. 0-0 Rdg8 15. Rb1 Qb3 16. Qd2 Rg7 17. Qd3 f4 18. exf4 exf4 19. Kh2 Qb6 20. Qf3 Bg4 21. Bh3 Kb8 22. Bxg4 hxg4 23. Qe4 f3 24. Nf4 Qd8 25. Rh1 Re8 26. Qf5 Re5 27. Qd3 Bxf4 28. gxf4 Rh5 29. Kg3 f5 30. Rh2 Rgh7 31. Rbh1 Qe8 32. Nb5 Qd7 33. Qc3 Re7 34. Qc1 Qd8 35. Re1 Reh7 36. Reh1 Nc7 37. Nxc7 Qxc7 38. Qc3 Qd8 39. Qe3 Re7 40. Qc3 Reh7 41. Qe3 a6 42. Qc3 Ka7 43. Qe3 Kb8 44. Qc3 Ka8 45. Qe3 Qe7 46. Qc3 Ka7 47. Qe1 Kb8 48. Qc3 Kc8 49. Qe1 Kd7 50. Qc3 Rh8 51. Qd2 Re8 52. Qa5 Kc8 53. Qc3 Kb8 54. Qd2 Ka8 55. Qc3 Ka7 56. Qd2 Qf6 57. Rc1 Re2 58. Qc3 Qe7 59. b4 b6 60. a4 Qc7 61. Re1 Qe7 62. Reh1 cxb4 63. Qxb4 Rc2 64. a5 Qc7 65. axb6+ Qxb6 66. Qa4 Rc3 67. Qd7+ Qb7 68. Qxd6 Rxc4 69. Re1 Rc7 70. Re5 Rc1 71. Rh1 Rxh4 72. Kxh4 Rxh1+ 73. Kg5 Qg7+ 74. Qg6 Qxg6+ 75. Kxg6 g3 76. Rxf5 gxf2 77. d6 f1Q 78. Kf6 Rh6+ 79. Ke7 Rxd6 80. Kxd6 Qd3+ 0-1

[Event "Nikaia op 14th"]
[Site "Nikaia"]
[Date "2006.08.??"]
[Round "4"]
[White "Managadze, Nikoloz"]
[Black "Spirou, Panagiotis"]
[Result "1-0"]
[WhiteElo "2444"]
[BlackElo "2078"]
[PlyCount "71"]
[EventDate "2006.08.??"]
[EventType "swiss"]
[EventRounds "9"]
[EventCountry "GRE"]
[SourceTitle "EXT 2008"]
[Source "ChessBase"]
[SourceDate "2007.11.25"]
[SourceVersion "1"]
[SourceVersionDate "2007.11.25"]
[SourceQuality "1"]

1. Nf3 Nf6 2. b3 c5 3. Bb2 Nc6 4. c4 e6 5. e3 Be7 6. Be2 0-0 7. 0-0 b6 8. d4 cxd4 9. Nxd4 Nxd4 10. Qxd4 Bb7 11. Nc3 Bc5 12. Qf4 Qe7 13. Rfd1 d5 14. Bf3 dxc4 15. Bxb7 Qxb7 16. bxc4 Rfd8 17. e4 Bd4 18. e5 Bxc3 19. Bxc3 Ne4 20. Be1 Rac8 21. f3 Nc5 22. Bh4 Rxd1+ 23. Rxd1 Nd7 24. Rd4 Qc7 25. Bg3 Nf8 26. Qd2 Qc5 27. Kh1 b5 28. cxb5 Qxb5 29. h4 Qb1+ 30. Kh2 Rc2 31. Qd3 Qxa2 32. Rd8 Rxg2+ 33. Kh3 f5 34. Qd6 Rxg3+ 35. Kxg3 f4+ 36. Kh3 1-0

[Event "Nikaia op 14th"]
[Site "Nikaia"]
[Date "2006.08.??"]
[Round "2"]
[White "Papadakis, Georgios"]
[Black "Spirou, Panagiotis"]
[Result "1/2-1/2"]
[WhiteElo "1804"]
[BlackElo "2078"]
[PlyCount "100"]
[EventDate "2006.08.??"]
[EventType "swiss"]
[EventRounds "9"]
[EventCountry "GRE"]
[SourceTitle "EXT 2008"]
[Source "ChessBase"]
[SourceDate "2007.11.25"]
[SourceVersion "1"]
[SourceVersionDate "2007.11.25"]
[SourceQuality "1"]

1. e4 c5 2. Nf3 d6 3. d4 cxd4 4. Nxd4 Nf6 5. Nc3 a6 6. f3 e6 7. Be3 b5 8. Qd2 Nbd7 9. g4 Nb6 10. 0-0-0 Bb7 11. h4 Rc8 12. h5 b4 13. Nb1 d5 14. e5 Nfd7 15. f4 Nc5 16. b3 Ne4 17. Qe1 Nd7 18. Bd3 Nc3 19. Nxc3 bxc3 20. f5 Qa5 21. Kb1 Nc5 22. Rf1 Bc6 23. fxe6 fxe6 24. Qf2 Be7 25. Qf7+ Kd7 26. Nxc6 Rxc6 27. Qxg7 Nxd3 28. Rxd3 Qd8 29. Bg5 Rg8 30. Bxe7 Rxg7 31. Bxd8 Kxd8 32. Rd4 Rg5 33. Re1 Rc7 34. Rf4 Rcg7 35. Re3 Rxh5 36. Rxc3 Rxe5 37. Rb4 Reg5 38. Rb6 Ke7 39. Rxa6 Rxg4 40. Re3 Re4 41. Ra7+ Kd6 42. Rxg7 Rxe3 43. Rxh7 Kc5 44. Kc1 e5 45. a4 d4 46. Kd2 Rg3 47. Rh2 Kb4 48. Re2 Rg5 49. Kd3 Kc5 50. Rh2 Kd5 1/2-1/2

[Event "Nikaia op 14th"]
[Site "Nikaia"]
[Date "2006.08.??"]
[Round "8"]
[White "Svetushkin, Dmitry"]
[Black "Spirou, Panagiotis"]
[Result "1-0"]
[WhiteElo "2569"]
[BlackElo "2078"]
[PlyCount "75"]
[EventDate "2006.08.??"]
[EventType "swiss"]
[EventRounds "9"]
[EventCountry "GRE"]
[SourceTitle "EXT 2008"]
[Source "ChessBase"]
[SourceDate "2007.11.25"]
[SourceVersion "1"]
[SourceVersionDate "2007.11.25"]
[SourceQuality "1"]

1. e4 c5 2. Nf3 d6 3. Bb5+ Bd7 4. Bxd7+ Qxd7 5. c4 Nc6 6. Nc3 g6 7. d4 cxd4 8. Nxd4 Bg7 9. Nde2 Nf6 10. 0-0 0-0 11. f3 Rac8 12. b3 Qd8 13. Bg5 Qa5 14. Qd2 a6 15. a4 Rfd8 16. Rab1 Nb4 17. Kh1 b6 18. Rfc1 Rd7 19. Be3 Rb7 20. Nf4 Ne8 21. Nce2 Nc6 22. Qd1 b5 23. axb5 axb5 24. c5 b4 25. Nd5 Qd8 26. cxd6 Nxd6 27. Rc2 e6 28. Nb6 Rcc7 29. Rd2 Bf8 30. Na4 Qe7 31. Bc5 Rd7 32. Nd4 Nxd4 33. Rxd4 e5 34. Rd5 Rb5 35. Rb2 Qe6 36. Rbd2 Nb7 37. Bxf8 Rdxd5 38. exd5 1-0

[Event "GRE-chT 35th"]
[Site "Ermioni Argolidas"]
[Date "2006.07.10"]
[Round "9"]
[White "Spirou, Panagiotis"]
[Black "Tsialas, Panagiotis"]
[Result "0-1"]
[WhiteElo "2078"]
[BlackElo "2011"]
[PlyCount "106"]
[EventDate "2006.07.03"]
[EventType "team"]
[EventRounds "9"]
[EventCountry "GRE"]
[SourceTitle "CBM 113 Extra"]
[Source "ChessBase"]
[SourceDate "2006.09.14"]
[SourceVersion "1"]
[SourceVersionDate "2006.09.14"]
[SourceQuality "1"]

1. e4 e6 2. d4 d5 3. Nc3 Bb4 4. e5 c5 5. Bd2 Ne7 6. Nb5 Bxd2+ 7. Qxd2 0-0 8. f4 f6 9. Nf3 a6 10. Nd6 cxd4 11. Qxd4 Nbc6 12. Qe3 Ng6 13. Nxc8 Rxc8 14. Bd3 Nb4 15. 0-0 Nxd3 16. cxd3 Qd7 17. exf6 Rxf6 18. g3 Rc2 19. Rf2 Rxf2 20. Kxf2 Rf8 21. d4 Rc8 22. Rc1 Rc6 23. h4 Qc8 24. Rxc6 Qxc6 25. Qc3 h6 26. Qxc6 bxc6 27. h5 Ne7 28. Ne5 Kf8 29. g4 Ke8 30. Nd3 g6 31. hxg6 Nxg6 32. Kg3 a5 33. b3 Kf7 34. Ne5+ Nxe5 35. fxe5 Kg7 36. Kh4 Kg6 37. a3 Kg7 38. Kg3 Kg6 39. a4 Kg7 40. Kh4 Kg6 41. Kg3 Kf7 42. Kf3 Ke7 43. Kf4 Kd7 44. g5 hxg5+ 45. Kxg5 Ke7 46. Kg6 c5 47. Kg5 cxd4 48. Kf4 Kd7 49. Kf3 Kc6 50. Ke2 Kc5 51. Kd3 Kb4 52. Kxd4 Kxb3 53. Kc5 Kxa4 0-1

[Event "GRE-chT 35th"]
[Site "Ermioni Argolidas"]
[Date "2006.07.08"]
[Round "7"]
[White "Markidis, Konstantinos"]
[Black "Spirou, Panagiotis"]
[Result "1-0"]
[WhiteElo "2370"]
[BlackElo "2078"]
[PlyCount "107"]
[EventDate "2006.07.03"]
[EventType "team"]
[EventRounds "9"]
[EventCountry "GRE"]
[SourceTitle "CBM 113 Extra"]
[Source "ChessBase"]
[SourceDate "2006.09.14"]
[SourceVersion "1"]
[SourceVersionDate "2006.09.14"]
[SourceQuality "1"]

1. Nf3 Nf6 2. b3 c5 3. Bb2 Nc6 4. e3 d5 5. Bb5 Bg4 6. Bxc6+ bxc6 7. h3 Bxf3 8. Qxf3 Qc7 9. 0-0 e5 10. Qg3 Nd7 11. c4 f6 12. Rc1 Kf7 13. d4 Qd6 14. dxe5 Nxe5 15. Rd1 Rd8 16. Nc3 Qe6 17. f4 Ng6 18. cxd5 cxd5 19. Qf3 Ne7 20. Re1 g6 21. Rad1 Bg7 22. Na4 c4 23. Nc5 Qc6 24. Bd4 cxb3 25. axb3 Nf5 26. Ra1 Nxd4 27. exd4 Rhe8 28. Rxa7+ Kg8 29. Rxe8+ Qxe8 30. Kf2 Bf8 31. Qe3 Qxe3+ 32. Kxe3 Rb8 33. Rb7 Rxb7 34. Nxb7 Bb4 35. Nd8 Kf8 36. g4 Bd6 37. f5 gxf5 38. gxf5 Ke7 39. Ne6 Bb4 40. Kd3 Kd7 41. Nf4 Kc6 42. Ng2 Ba5 43. Ne3 Bc7 44. b4 Bf4 45. b5+ Kxb5 46. Nxd5 Bg5 47. Nc3+ Kc6 48. Kc4 Bh4 49. Ne4 Kd7 50. d5 Ke7 51. d6+ Kd7 52. Kd5 h6 53. Nc5+ Ke8 54. Ke6 1-0

[Event "Attica-ch U16"]
[Site "Athens"]
[Date "2006.??.??"]
[Round "7.3"]
[White "Tsiropoulas, Apostolos"]
[Black "Spirou, Panagiotis"]
[Result "0-1"]
[WhiteElo "2011"]
[BlackElo "2009"]
[PlyCount "114"]
[EventDate "2006.12.27"]
[EventType "swiss"]
[EventRounds "9"]
[EventCountry "GRE"]
[SourceTitle "EXT 2024"]
[Source "ChessBase"]
[SourceDate "2023.10.10"]
[SourceVersion "1"]
[SourceVersionDate "2023.10.10"]
[SourceQuality "1"]

1. e4 c5 2. Nf3 d6 3. d4 cxd4 4. Nxd4 Nf6 5. Nc3 a6 6. Be2 b5 7. a3 Bb7 8. Bf3 Nbd7 9. 0-0 e6 10. Re1 Ne5 11. Be2 Rc8 12. Bd3 Be7 13. f4 Nc4 14. Nb3 0-0 15. Qe2 Nd7 16. a4 Qc7 17. axb5 axb5 18. Kh1 Ndb6 19. Nxb5 Qd7 20. Nc3 Bf6 21. Na5 Nxa5 22. Rxa5 Bxc3 23. bxc3 Rxc3 24. Bb2 Rc5 25. Rea1 Rxa5 26. Rxa5 d5 27. Bd4 dxe4 28. Bxe4 Qxd4 29. Bxb7 Rb8 30. Ba6 Nc4 31. Bxc4 Rb1+ 32. Qf1 Rxf1+ 33. Bxf1 g6 34. c4 Qxf4 35. Ra1 e5 36. c5 Qd4 37. Ra8+ Kg7 38. c6 Qc5 39. Ra6 e4 40. h3 e3 41. Be2 h5 42. Bf3 Qc4 43. Ra1 Kh6 44. Re1 h4 45. Kg1 Kg5 46. Kh2 f5 47. Ra1 Qc3 48. Ra2 Kf6 49. Be2 Ke5 50. Bf3 g5 51. Ra8 Kd4 52. Rd8+ Ke5 53. Ra8 Ke6 54. Ra2 Kd6 55. Re2 Qc4 56. g3 hxg3+ 57. Kxg3 Qf4+ 0-1

[Event "GRE-chT 34th"]
[Site "Ermioni Argolidas"]
[Date "2005.07.10"]
[Round "8"]
[White "Spirou, Panagiotis"]
[Black "Tsorbatzoglou, Theodoros"]
[Result "1/2-1/2"]
[WhiteElo "1952"]
[BlackElo "2235"]
[PlyCount "50"]
[EventDate "2005.07.04"]
[EventType "team"]
[EventRounds "9"]
[EventCountry "GRE"]
[SourceTitle "CBM 107 Extra"]
[Source "ChessBase"]
[SourceDate "2005.09.01"]
[SourceVersion "1"]
[SourceVersionDate "2005.09.01"]
[SourceQuality "1"]

1. e4 g6 2. d4 Bg7 3. Nc3 d6 4. Be3 Nd7 5. Qd2 c5 6. dxc5 dxc5 7. Rd1 Ngf6 8. Bxc5 Qc7 9. Bd4 0-0 10. Nf3 Nb6 11. Bd3 Rd8 12. h3 Be6 13. 0-0 Nc4 14. Bxc4 Qxc4 15. Qd3 Qc6 16. Qe3 b5 17. Bxf6 Bxf6 18. e5 Bg7 19. Nd4 Qb6 20. Nxe6 Qxe6 21. Nxb5 Qxa2 22. Rxd8+ Rxd8 23. Qxa7 Qxb2 24. Qxe7 Rf8 25. c4 Bxe5 1/2-1/2

[Event "GRE-ch U14"]
[Site "Panellhnia"]
[Date "2005.??.??"]
[Round "6"]
[White "Dounis, Alexandros"]
[Black "Spirou, Panagiotis"]
[Result "0-1"]
[WhiteElo "2094"]
[BlackElo "1720"]
[PlyCount "52"]
[EventDate "2005.??.??"]
[EventType "swiss"]
[EventRounds "9"]
[EventCountry "GRE"]
[SourceTitle "EXT 2007"]
[Source "ChessBase"]
[SourceDate "2006.11.23"]
[SourceVersion "1"]
[SourceVersionDate "2006.11.23"]
[SourceQuality "1"]

1. Nf3 Nf6 2. g3 c5 3. Bg2 Nc6 4. d4 e6 5. 0-0 d5 6. c4 Be7 7. Nc3 0-0 8. dxc5 d4 9. Na4 e5 10. Bg5 Nd7 11. Bxe7 Qxe7 12. Nd2 Nxc5 13. Rc1 Be6 14. Nxc5 Qxc5 15. Ne4 Qe7 16. c5 f5 17. Nd6 e4 18. f3 Bd5 19. fxe4 fxe4 20. Qc2 d3 21. exd3 Nb4 22. Qa4 Nxd3 23. Bxe4 Bxe4 24. Qc4+ Kh8 25. Rxf8+ Rxf8 26. Rc2 Qf6 0-1

[Event "GRE-ch U14"]
[Site "Panellhnia"]
[Date "2005.??.??"]
[Round "4"]
[White "Goumas, Georgios"]
[Black "Spirou, Panagiotis"]
[Result "1/2-1/2"]
[WhiteElo "1890"]
[BlackElo "1720"]
[PlyCount "35"]
[EventDate "2005.??.??"]
[EventType "swiss"]
[EventRounds "9"]
[EventCountry "GRE"]
[SourceTitle "EXT 2007"]
[Source "ChessBase"]
[SourceDate "2006.11.23"]
[SourceVersion "1"]
[SourceVersionDate "2006.11.23"]
[SourceQuality "1"]

1. e4 c5 2. g3 d6 3. Bg2 Nc6 4. f4 e6 5. d3 g6 6. Be3 Bg7 7. c3 Nge7 8. Nf3 0-0 9. 0-0 b6 10. Qc2 d5 11. Na3 Bb7 12. Rad1 Rc8 13. g4 Qe8 14. Qf2 f5 15. Ng5 Qd7 16. gxf5 gxf5 17. Kh1 h6 18. Nf3 1/2-1/2